[Event "2nd China Chess King 2024"]
[Site "Chengdu CHN"]
[Date "2024.11.03"]
[Round "2.2"]
[White "Wei Yi"]
[Black "Ma Qun"]
[Result "0-1"]
[WhiteElo "2753"]
[BlackElo "2638"]

1.e4 Nf6 2.e5 Nd5 3.d4 d6 4.c4 Nb6 5.f4 dxe5 6.fxe5 Bf5 7.Nc3 e6 8.Nf3 Bb4
9.Be2 c5 10.O-O O-O 11.a3 Bxc3 12.bxc3 Nc6 13.Be3 Rc8 14.d5 Na5 15.Nd2 Bg6
16.d6 Nd7 17.Nf3 Nc6 18.Bf4 f6 19.exf6 Qxf6 20.Bd2 e5 21.Be3 e4 22.Qd5+ Bf7
23.Qxe4 Rce8 24.Qd3 Bg6 25.Qd5+ Bf7 26.Qd3 Qe6 27.Kf2 Nde5 28.Nxe5 Bg6+  0-1

[Event "Bundesliga 2024-25"]
[Site "Solingen GER"]
[Date "2024.11.30"]
[Round "3.7"]
[White "Huschenbeth,N"]
[Black "Wei Yi"]
[Result "1/2-1/2"]
[WhiteElo "2600"]
[BlackElo "2762"]

1.e4 c5 2.Nf3 d6 3.d4 cxd4 4.Nxd4 Nf6 5.Nc3 a6 6.Bg5 e6 7.Qf3 h6 8.Bd2 Qb6
9.Nb3 Qc7 10.a4 b6 11.Qg3 Bb7 12.f3 Nc6 13.O-O-O Nb4 14.Kb1 Rc8 15.Be3 Nd7
16.Rd2 h5 17.h4 g6 18.Be2 Be7 19.Bg5 d5 20.Qxc7 Rxc7 21.exd5 Nxd5 22.Nxd5 exd5
23.a5 b5 24.Re1 Bxg5 25.hxg5 Kd8 26.Bd3 Re8 27.Rxe8+ Kxe8 28.Re2+ Kd8 29.Nd4 Nf8
30.c3 Re7 31.Kc2 Rxe2+ 32.Bxe2 Ke7 33.Kd3 Bc8 34.g3 Kd6 35.f4 Bh3 36.Bf3 Nd7
37.b4 Nf8 38.Ke3 Ne6 39.Be2 Ng7 40.Bd3 Bg4 41.Bc2 Bh3 42.Nf3 Bf5 43.Bb3 Be6
44.Nd4 Bg4 45.Bc2 Bh3 46.Bd3 Bg4 47.Bf1 Bf5 48.Nf3 Ne6 49.Bd3 Bxd3 50.Kxd3 Ng7
51.Nd4 Kd7 52.Ke3 Nf5+  1/2-1/2

[Event "World Rapid 2024"]
[Site "New York USA"]
[Date "2024.12.26"]
[Round "1.4"]
[White "Wei Yi"]
[Black "Hakobyan,Aram"]
[Result "1-0"]
[WhiteElo "2753"]
[BlackElo "2625"]

1.e4 e6 2.d4 d5 3.Nc3 Nf6 4.e5 Nfd7 5.f4 c5 6.Nce2 Nc6 7.Nf3 Be7 8.c3 O-O
9.Be3 Qb6 10.Qd2 f6 11.g3 Qa6 12.dxc5 Nxc5 13.exf6 gxf6 14.Ned4 Qb6 15.Qc2 e5
16.Nxc6 Qxc6 17.Be2 Bg4 18.O-O Bxf3 19.Rxf3 e4 20.Rf2 Ne6 21.f5 Ng5 22.Kg2 Bc5
23.Qd2 Rad8 24.Bd4 Bxd4 25.cxd4 Rc8 26.Qe3 Qb6 27.Bd1 Rc4 28.Rd2 Kh8 29.h4 Nf7
30.Bb3 Nd6 31.Rf1 Qa5 32.Qf4 Rc6 33.g4 Nc4 34.Re2 Qc7 35.Kg3 Rg8 36.Qxc7 Rxc7
37.Kf4 h6 38.Rh1 Kg7 39.g5 fxg5+ 40.hxg5 hxg5+ 41.Kg4 Kf8 42.Rh6 Nb6 43.Rf6+ Ke7
44.Re6+ Kf8 45.Rf6+ Ke7 46.Re6+ Kf8 47.Rh2 Rc1 48.Kg3 Rc6 49.Re5 Rd6 50.a4 a5
51.Rc2 Rh8 52.Re6 Rxe6 53.fxe6 Ke7 54.Rc5 Kxe6 55.Rxa5 Nc4 56.Rb5 Rh7 57.Bxc4 dxc4
58.Rxg5 Kd6 59.Kf4 Re7 60.Re5 Rh7 61.Rb5 Rh4+ 62.Ke3 c3 63.bxc3 Kc6 64.Rc5+ Kd6
65.a5 Rg4 66.c4 Rh4 67.Rd5+ Kc7 68.Re5 Kd6 69.Rxe4 Rh3+ 70.Kd2 Ra3 71.Re5 Kc6
72.Rb5 Kc7 73.Rg5 Kc6 74.Kc2 Kd6 75.a6 bxa6 76.Rg6+ Kc7 77.d5 Ra1 78.Kc3 a5
79.c5 Rc1+ 80.Kd4 a4 81.Rg7+ Kb8 82.c6 a3 83.Rb7+ Kc8 84.Ra7 Ra1 85.d6 Rd1+
86.Ke5 Re1+ 87.Kf4 Rf1+ 88.Ke3 Kb8 89.Rb7+ Ka8 90.d7 Rd1 91.c7  1-0

[Event "World Rapid 2024"]
[Site "New York USA"]
[Date "2024.12.26"]
[Round "2.4"]
[White "Donchenko,Alexa"]
[Black "Wei Yi"]
[Result "1/2-1/2"]
[WhiteElo "2618"]
[BlackElo "2753"]

1.c4 e5 2.g3 Nf6 3.Bg2 c6 4.Nf3 e4 5.Nd4 d5 6.d3 Bc5 7.Nb3 Bb4+ 8.Bd2 a5
9.cxd5 exd3 10.Bxb4 axb4 11.dxc6 Nxc6 12.Qxd3 Qxd3 13.exd3 O-O 14.O-O Rd8
15.N1d2 Rxd3 16.Ne4 Nxe4 17.Bxe4 Rd8 18.Rfc1 g6 19.h4 Kg7 20.a3 Nd4 21.Nxd4 Rxd4
22.Bf3 Rd3 23.Be4 Rd4 24.Bf3 Rd3 25.Be4 Rb3 26.Rc2 bxa3 27.Rxa3 Raxa3 28.bxa3 Be6
29.Rc7 b6 30.Ra7 Kf6 31.a4 Ke5 32.Bg2 Rb1+ 33.Kh2 Rb2 34.Kg1 Kd6 35.a5 b5
36.a6 Ra2 37.Rb7 Rxa6 38.Rxb5  1/2-1/2

[Event "World Rapid 2024"]
[Site "New York USA"]
[Date "2024.12.26"]
[Round "3.16"]
[White "Wei Yi"]
[Black "Fressinet,L"]
[Result "1/2-1/2"]
[WhiteElo "2753"]
[BlackElo "2588"]

1.e4 e5 2.Bc4 Nf6 3.d3 Bc5 4.Nc3 c6 5.f4 d5 6.exd5 O-O 7.fxe5 Nxd5 8.Nf3 Bg4
9.Ne4 Nd7 10.d4 Bb6 11.c3 Qe7 12.Nf2 Bxf3 13.Qxf3 Bxd4 14.cxd4 Qb4+ 15.Bd2 Qxc4
16.Qd3 Qxd3 17.Nxd3 f6 18.O-O-O fxe5 19.dxe5 Rae8 20.Rhe1 Re6 21.Re4 Rfe8
22.Rde1 a6 23.b3 N5f6 24.R4e2 Nd5 25.Kb2 Rf8 26.Re4 Rfe8 27.a4 Rd8 28.a5 Rde8
29.Kc2 Rf8 30.g3 Rfe8 31.Bc1 N5f6 32.R4e2 Nd5 33.Bb2 Rf8 34.Bc1 Rfe8 35.Ba3 Nc7
36.Kc1 Nb5 37.Bb2 Nc7 38.Nf4 Rh6 39.Ba3 Ne6 40.Rd1 Ndf8 41.Kb2 c5 42.Nd5 Nd4
43.Rf2 Nfe6 44.Rc1 Rh5 45.Re1 Nc6 46.Nf4 Rxe5 47.Rxe5 Nxe5 48.Rd2 Nxf4 49.gxf4 Nc6
50.Bxc5 Nxa5 51.Rd7 Re2+ 52.Kc3 Rxh2 53.b4 Rh3+ 54.Kc2 Nc4 55.Rxb7 h5 56.Ra7 Rf3
57.Rxa6 h4 58.b5 h3 59.Ra1 Rxf4 60.b6 Rf7 61.Kc3 Ne5 62.Kd4 Nd7 63.Rh1 Rf3
64.Ke4 Rb3 65.Bd4 Nxb6 66.Bxb6 Rxb6 67.Rxh3  1/2-1/2

[Event "World Rapid 2024"]
[Site "New York USA"]
[Date "2024.12.26"]
[Round "4.18"]
[White "Tari,A"]
[Black "Wei Yi"]
[Result "1/2-1/2"]
[WhiteElo "2629"]
[BlackElo "2753"]

1.e4 c5 2.Nf3 d6 3.Bb5+ Nd7 4.O-O a6 5.Bxd7+ Bxd7 6.c3 e6 7.d4 Nf6 8.e5 dxe5
9.dxe5 Nd5 10.c4 Nb6 11.Qe2 Be7 12.Nc3 Bc6 13.Bf4 O-O 14.Rad1 Qc7 15.Ne4 Rad8
16.b3 Rxd1 17.Rxd1 Rd8 18.Re1 Nd7 19.h4 h6 20.Qe3 Bxe4 21.Qxe4 b5 22.h5 Nb8
23.Be3 Nc6 24.Rc1 Qb6 25.Qg4 Kf8 26.Qe4 Kg8 27.Qg4 Kf8 28.Qe4 Kg8  1/2-1/2

[Event "World Rapid 2024"]
[Site "New York USA"]
[Date "2024.12.26"]
[Round "5.20"]
[White "Wei Yi"]
[Black "Nesterov,Arseniy"]
[Result "1/2-1/2"]
[WhiteElo "2753"]
[BlackElo "2599"]

1.d4 Nf6 2.Nc3 d5 3.Bf4 c5 4.e3 cxd4 5.exd4 a6 6.Nf3 Nc6 7.Ne5 Bd7 8.g3 e6
9.Bg2 Be7 10.O-O O-O 11.h4 Rc8 12.h5 h6 13.Re1 Ne8 14.Ne2 Nd6 15.c3 Nxe5
16.dxe5 Nc4 17.b3 Na5 18.Qd2 Nc6 19.Rad1 Qb6 20.Be3 Bc5 21.Bxc5 Qxc5 22.Nf4 Rfd8
23.Nd3 Qe7 24.f4 Na7 25.Rc1 Bb5 26.Nf2 Be8 27.Bf3 Rc7 28.Rc2 Rdc8 29.Rec1 Nb5
30.a4 Na3 31.Ra2 b5 32.axb5 Nxb5 33.c4 dxc4 34.bxc4 Rxc4 35.Rxc4 Rxc4 36.Rxa6 Rc3
37.Qd1 Rc8 38.Kg2 Rd8 39.Qc1 Nd4 40.Be4 Nb3 41.Qa3 Qxa3 42.Rxa3 Nd2 43.Ba8 Nc4
44.Ra7 Ne3+ 45.Kf3 Nf5 46.Ne4 Rb8 47.Nc5 Bc6+ 48.Bxc6 Nd4+ 49.Kg4 Nxc6 50.Rc7 Nd4
51.Nb7 Nf5 52.Kf3 Kf8 53.Nc5 Ra8 54.g4 Ra3+ 55.Kf2 Ne3 56.Rc8+ Ke7 57.Rc7+ Ke8
58.Rc8+ Ke7 59.Rc7+ Kf8 60.g5 hxg5 61.Rc8+ Ke7 62.Rc7+ Ke8 63.fxg5 Ng4+ 64.Kg2 Nxe5
65.Ne4 Kf8 66.h6 gxh6 67.gxh6 Ra2+ 68.Kg3 Ra3+ 69.Kg2 Ra2+ 70.Kh3 Ra3+ 71.Kg2  1/2-1/2

[Event "World Rapid 2024"]
[Site "New York USA"]
[Date "2024.12.27"]
[Round "6.25"]
[White "Theodorou,Nikolas"]
[Black "Wei Yi"]
[Result "1-0"]
[WhiteElo "2600"]
[BlackElo "2753"]

1.d4 Nf6 2.c4 g6 3.Nc3 d5 4.cxd5 Nxd5 5.e4 Nxc3 6.bxc3 Bg7 7.Bc4 c5 8.Ne2 O-O
9.O-O Nc6 10.Be3 b6 11.h4 e6 12.h5 Qh4 13.Qc1 cxd4 14.cxd4 Qxh5 15.Rb1 Bb7
16.Bb5 Nxd4 17.Nxd4 Rac8 18.Qd1 Qh4 19.Bd3 Rfd8 20.Nf3 Qg4 21.Ng5 Qxd1 22.Rbxd1 h6
23.Nf3 g5 24.Bb1 Ba6 25.Rfe1 g4 26.Nd4 h5 27.a4 Rc4 28.Nb5 Ra8 29.Bd3 Rxa4
30.Nc7 Bxd3 31.Nxa8 Bxe4 32.Nc7 Be5 33.Nb5 Bf6 34.Bd4 Bxd4 35.Rxd4 Rxd4 36.Nxd4 Bd3
37.Rc1 b5 38.Rc8+ Kg7 39.Ra8 e5 40.Nb3 f5 41.Rxa7+ Kf6 42.Ra6+ Kg5 43.Nc5 Bc4
44.Ne6+ Kf6 45.Nc7+ Kg5 46.Rb6 h4 47.Nxb5 g3 48.Nd6 Ba2 49.Rb2 Be6 50.Rb5 Kf4
51.f3 e4 52.fxe4 fxe4 53.Rh5 h3 54.Rh4+ Kg5 55.Rxe4 h2+ 56.Kh1 Bd7 57.Rd4 Bc6
58.Nc4 Bb7 59.Ne3  1-0

[Event "World Rapid 2024"]
[Site "New York USA"]
[Date "2024.12.27"]
[Round "7.39"]
[White "Wei Yi"]
[Black "Bologan,V"]
[Result "1-0"]
[WhiteElo "2753"]
[BlackElo "2600"]

1.e4 d6 2.d4 Nf6 3.Nc3 e5 4.Nf3 Nbd7 5.Bc4 Be7 6.O-O O-O 7.a4 c6 8.Ba2 h6
9.Re1 Re8 10.h3 Bf8 11.Be3 a5 12.Qd3 exd4 13.Bxd4 Qc7 14.Nh4 Ne5 15.Qg3 Be6
16.Bxe6 Rxe6 17.f4 Ned7 18.Nf5 Kh7 19.Qf3 g6 20.Ng3 Bg7 21.Rad1 Rae8 22.Kh2 R6e7
23.b3 h5 24.Nf1 d5 25.e5 Ng8 26.Ne3 Nxe5 27.fxe5 Bxe5+ 28.g3 Bxd4 29.Rxd4 Nh6
30.Rf4 f5 31.Ncd1 Nf7 32.Rxf5 gxf5 33.Qxf5+ Kg7 34.Qxh5 Re5 35.Qg4+ Kh8 36.Rf1 Nh6
37.Qh4 Qh7 38.Qd4 Qg7 39.Qd2 d4 40.Ng2 Nf5 41.Qf4 Ne3 42.Qh4+ Qh7 43.Qf6+ Qg7
44.Qh4+ Kg8 45.Ndxe3 dxe3 46.Qc4+ Kh8 47.Rf4 R5e6 48.Qe2 Rh6 49.Nxe3 Qe5
50.Qf2 Qe6 51.Ng4 Rg6 52.Qd4+ Rg7 53.Nf6 Qe2+ 54.Rf2  1-0

[Event "World Rapid 2024"]
[Site "New York USA"]
[Date "2024.12.27"]
[Round "8.28"]
[White "Le Tuan Minh"]
[Black "Wei Yi"]
[Result "0-1"]
[WhiteElo "2598"]
[BlackElo "2753"]

1.d4 d6 2.e4 Nf6 3.Nc3 e5 4.Nf3 Nbd7 5.Bc4 Be7 6.O-O O-O 7.Re1 exd4 8.Nxd4 Ne5
9.Bf1 Re8 10.h3 h6 11.Bf4 Bf8 12.Qd2 c6 13.Rad1 Qc7 14.Bh2 Bd7 15.Kh1 Rad8
16.f4 Ng6 17.Nf3 Bc8 18.Bd3 Nd7 19.a3 a5 20.Bc4 b5 21.Nxb5 cxb5 22.Bxf7+ Kxf7
23.Qd5+ Ke7 24.f5 Nf6 25.Qxb5 Ne5 26.Bxe5 dxe5 27.Nxe5 Rxd1 28.Rxd1 Bd7 29.Ng6+ Kf7
30.Rxd7+ Qxd7 31.Qb3+ Nd5 32.Nf4  0-1

[Event "World Rapid 2024"]
[Site "New York USA"]
[Date "2024.12.27"]
[Round "9.15"]
[White "Wei Yi"]
[Black "Paravyan,D"]
[Result "1-0"]
[WhiteElo "2753"]
[BlackElo "2620"]

1.d4 d5 2.Bf4 Bf5 3.e3 e6 4.Bd3 Bxd3 5.cxd3 c5 6.Nf3 Nc6 7.dxc5 Bxc5 8.O-O Bd6
9.Bg5 Nge7 10.Nc3 h6 11.Bh4 O-O 12.e4 Qb6 13.e5 Bc7 14.Na4 Qb5 15.Bxe7 Nxe7
16.Rc1 Rac8 17.a3 Bb8 18.Rxc8 Rxc8 19.Re1 a6 20.Nd4 Qe8 21.Nc3 Nc6 22.Nf3 Ba7
23.d4 Na5 24.h4 Nc4 25.Qb1 Qd8 26.Rc1 Qa5 27.g3 Rc6 28.Kg2 Rb6 29.Nd1 Rb3
30.Qc2 Qb6 31.h5 Rxf3 32.Kxf3 Qxd4 33.Kg2 Nxe5 34.Qe2 Nc6 35.Rc3 Qa4 36.Qf3 Bd4
37.Rc1 Qb5 38.Rc2 Bf6 39.b4 Qa4 40.Qd3 Kf8 41.Nb2 Bxb2 42.Rxb2 Ne5 43.Qd4 Nc4
44.Re2 Qxa3 45.Qc5+ Kg8 46.Qc8+ Kh7 47.Qxb7 Qd3 48.Re1 Qd2 49.Ra1 Ne3+ 50.Kg1 Qb2
51.Qxa6 Nc2 52.Qd3+ f5 53.Ra8 Nxb4 54.Qb5 Qc1+ 55.Kg2 Nc2 56.Qe8  1-0

[Event "World Rapid 2024"]
[Site "New York USA"]
[Date "2024.12.28"]
[Round "10.9"]
[White "Deac,Bogdan-Daniel"]
[Black "Wei Yi"]
[Result "1/2-1/2"]
[WhiteElo "2696"]
[BlackElo "2753"]

1.d4 Nf6 2.c4 e6 3.Nf3 d5 4.Nc3 c6 5.e3 Nbd7 6.Qc2 Bd6 7.Bd3 dxc4 8.Bxc4 b5
9.Bd3 Bb7 10.O-O a6 11.e4 e5 12.h3 c5 13.d5 c4 14.Be2 O-O 15.Be3 Rc8 16.Rac1 Nc5
17.Nd2 h6 18.Qb1 Rc7 19.a4 b4 20.Nd1 Nxa4 21.Nxc4 Bc5 22.Bf3 Nd7 23.Qa2 Nab6
24.Na5 Qe7 25.Nxb7 Rxb7 26.Qxa6 Rbb8 27.Qa5 Rfc8 28.Bg4 Bd6 29.Rxc8+ Nxc8
30.Bxd7 Qxd7 31.b3 Bc7 32.Qa6 Nd6 33.f3 Nb5 34.Nb2 Nd4 35.Qd3 Ra8 36.Nc4 Ra2
37.Rf2 Ra1+ 38.Rf1 Ra2 39.Rf2 Ra1+ 40.Rf1 Ra2  1/2-1/2

[Event "World Rapid 2024"]
[Site "New York USA"]
[Date "2024.12.28"]
[Round "11.11"]
[White "Wei Yi"]
[Black "Grigoryan,K2"]
[Result "0-1"]
[WhiteElo "2753"]
[BlackElo "2618"]

1.Nf3 c5 2.e4 d6 3.d4 cxd4 4.Nxd4 Nf6 5.Nc3 a6 6.Bg5 e6 7.Qf3 Nbd7 8.a4 Qc7
9.Be2 b6 10.O-O Bb7 11.Qg3 Be7 12.Rad1 Nc5 13.f3 O-O 14.Bh6 Ne8 15.Kh1 Kh8
16.Be3 Nf6 17.Nb3 Rac8 18.Nxc5 bxc5 19.b3 Rfd8 20.Qh3 d5 21.exd5 exd5 22.Bg5 d4
23.Bxf6 Bxf6 24.Ne4 Be7 25.Bc4 Rf8 26.Rde1 Rce8 27.Qh5 g6 28.Qh6 f5 29.Nf2 Bd6
30.Nh3 Qg7 31.Qd2 Re5 32.Ng5 Qe7 33.f4 Re4 34.c3 Qf6 35.cxd4 cxd4 36.Ne6 Re8
37.Rxe4 fxe4 38.Nxd4 e3 39.Qd1 Bb4 40.Ne6 Bd2 41.Ng5 Re7 42.Qe2 Bb4 43.Rd1 Kg7
44.Qg4 h6 45.Ne6+ Kh7 46.Ng5+ Kg7 47.Ne6+ Kh7 48.h3 Bc8 49.f5 gxf5 50.Bd3 Bxe6
51.Qxb4 Kg7 52.Bxa6 Bxb3 53.Re1 Bd5 54.Qf4 Qe5 55.Qxe5+ Rxe5 56.Bf1 f4 57.a5 Rg5
58.Kh2 Kf6 59.a6 Ke5 60.Rb1 Kd4 61.Rd1+ Kc3 62.h4 Re5 63.Be2 Be4 64.Rf1 Kd2
65.Bc4 Bd3 66.Bxd3 Kxd3 67.Ra1 e2 68.a7 Re8 69.Ra3+ Kc4 70.Ra4+ Kc3 71.Ra1 Ra8
72.Rb1 Kd2 73.Rb2+ Kd3 74.Rb1 Rxa7 75.Kg1 Kc2 76.Re1 Kd2  0-1

[Event "World Rapid 2024"]
[Site "New York USA"]
[Date "2024.12.28"]
[Round "12.20"]
[White "Bok,B"]
[Black "Wei Yi"]
[Result "0-1"]
[WhiteElo "2593"]
[BlackElo "2753"]

1.d4 e6 2.c4 f5 3.g3 Nf6 4.Nf3 d5 5.Nc3 Bd6 6.Bg5 c6 7.e3 O-O 8.Bd3 Qe8 9.Bf4 Bxf4
10.exf4 Nbd7 11.O-O Ne4 12.Re1 b6 13.cxd5 exd5 14.Rc1 Qg6 15.Ne5 Nxe5 16.fxe5 Bd7
17.Ne2 Qh6 18.Nf4 g5 19.Nh5 Kh8 20.f4 Be8 21.Bxe4 dxe4 22.Nf6 gxf4 23.gxf4 Qxf4
24.Kh1 Rxf6 25.exf6 Bf7 26.Rf1 Qg5 27.Rxc6 Bd5 28.Rd6 Rg8 29.Rg1 e3+ 30.Rxd5 e2
31.f7 Qg2+ 32.Rxg2 exd1=Q+  0-1

[Event "World Rapid 2024"]
[Site "New York USA"]
[Date "2024.12.28"]
[Round "13.10"]
[White "Wei Yi"]
[Black "Jacobson,Brandon"]
[Result "1-0"]
[WhiteElo "2753"]
[BlackElo "2583"]

1.Nf3 Nf6 2.c4 g6 3.b3 Bg7 4.Bb2 O-O 5.g3 d6 6.d4 e5 7.dxe5 dxe5 8.Qxd8 Rxd8
9.Nxe5 Na6 10.Nd3 Bf5 11.Nc3 Bxd3 12.exd3 Ng4 13.h3 Re8+ 14.Be2 Nb4 15.Rd1 Ne5
16.O-O Nec6 17.Rd2 Nd4 18.Bd1 Bh6 19.f4 Bg7 20.a3 Na6 21.b4 Rad8 22.Nb5 Nf5
23.Bxg7 Kxg7 24.g4 Ne3 25.Re1 c6 26.Nc3 Rd4 27.Ne2 Nxc4 28.Nxd4 Rxe1+ 29.Kf2 Nxd2
30.Kxe1 Nb1 31.b5 Nc5 32.bxc6 bxc6 33.Be2 Ne6 34.Nxe6+ fxe6 35.Bf3 Nxa3 36.Bxc6 Nc2+
37.Kd2 Nd4 38.Ba4 Kf6 39.Ke3 e5 40.Ke4 Ne6 41.fxe5+ Ke7 42.Ke3 g5 43.d4 Nf4
44.Ke4 Nxh3 45.d5 Nf4 46.d6+ Ke6 47.Bb3+ Kd7 48.Kf5 h6 49.Ba4+  1-0

[Event "World Blitz 2024"]
[Site "New York USA"]
[Date "2024.12.30"]
[Round "1.15"]
[White "Svane,Frederik"]
[Black "Wei Yi"]
[Result "0-1"]
[WhiteElo "2668"]
[BlackElo "2753"]

1.e4 e5 2.Nf3 d6 3.d4 Nd7 4.Nc3 Ngf6 5.Bc4 Be7 6.O-O O-O 7.a4 c6 8.Re1 h6
9.h3 a5 10.Bf1 Re8 11.Be3 Bf8 12.d5 Nb6 13.Ra3 cxd5 14.exd5 Bd7 15.Bxb6 Qxb6
16.Rb3 Qc7 17.Bb5 Rac8 18.Nd2 Bxb5 19.Rxb5 Nd7 20.Re4 Nc5 21.Rc4 b6 22.Nce4 f5
23.Ng3 g6 24.c3 Qf7 25.Ndf1 e4 26.b4 Nd3 27.Rxc8 Rxc8 28.Rxb6 axb4 29.cxb4 Qxd5
30.a5 Bg7 31.Ne3 Qa2 32.Qe2 Qe6 33.a6 Bd4 34.Rb7 f4 35.a7 fxg3 36.fxg3 d5
37.Kh2 Qa6  0-1

[Event "World Blitz 2024"]
[Site "New York USA"]
[Date "2024.12.30"]
[Round "2.12"]
[White "Wei Yi"]
[Black "Christiansen,Johan-Sebastian"]
[Result "1-0"]
[WhiteElo "2753"]
[BlackElo "2661"]

1.Nf3 d5 2.b3 Nf6 3.Bb2 e6 4.c4 b6 5.g3 Bb7 6.Bg2 dxc4 7.bxc4 c5 8.O-O Be7
9.e3 O-O 10.Qe2 Nc6 11.Nc3 Qd7 12.Rad1 Rfd8 13.d4 cxd4 14.exd4 Na5 15.d5 exd5
16.Nxd5 Nxd5 17.cxd5 Bf8 18.Ne5 Qe8 19.Rfe1 Bb4 20.Qg4 Qf8 21.Re4 Bc8 22.Qh5 Bc5
23.Rh4 h6 24.d6 Be6 25.Bxa8 Rxa8 26.Ng4 Bxg4 27.Rxg4 f6 28.Qxh6 Kf7 29.Qg6+ Kg8
30.Bxf6 Re8 31.Qxg7+ Qxg7 32.Rxg7+ Kf8 33.d7  1-0

[Event "World Blitz 2024"]
[Site "New York USA"]
[Date "2024.12.30"]
[Round "3.9"]
[White "Zemlyanskii,Ivan"]
[Black "Wei Yi"]
[Result "0-1"]
[WhiteElo "2543"]
[BlackElo "2753"]

1.d4 d6 2.Nf3 Nf6 3.c4 g6 4.Nc3 Bf5 5.h3 Ne4 6.Nd5 c6 7.Ne3 Bd7 8.Qc2 f5
9.g4 Qa5+ 10.Nd2 Bg7 11.gxf5 gxf5 12.Bg2 Bxd4 13.Bxe4 Bxe3 14.Bd3 Bd4 15.b4 Qb6
16.Bb2 Bxf2+ 17.Kf1 Bd4 18.Nf3 Bxb2 19.Qxb2 Rg8 20.c5 dxc5 21.Bc4 Rf8 22.Qg7 Na6
23.Ne5 O-O-O 24.Rd1 Nb8 25.Qxe7 Rfe8 26.Qf6 Qc7 27.Rd6 cxb4 28.Kg2 Rf8 29.Nf7 c5
30.Rhd1 Nc6 31.Rxd7 Rxd7 32.Rxd7 Qf4 33.Be6 Rg8+ 34.Ng5 Rxg5+  0-1

[Event "World Blitz 2024"]
[Site "New York USA"]
[Date "2024.12.30"]
[Round "4.7"]
[White "Wei Yi"]
[Black "Lodici,Lorenzo"]
[Result "1-0"]
[WhiteElo "2753"]
[BlackElo "2564"]

1.Nf3 d5 2.b3 Bg4 3.e3 c6 4.Bb2 Nd7 5.h3 Bh5 6.d3 e6 7.Nbd2 h6 8.g4 Bg6 9.h4 h5
10.g5 a5 11.a3 Ne7 12.e4 a4 13.b4 c5 14.Bh3 Qb6 15.O-O Qc6 16.Re1 b6 17.Qe2 Bh7
18.bxc5 bxc5 19.Rab1 d4 20.c3 Ng6 21.cxd4 Nf4 22.Qf1 f6 23.d5 Qd6 24.Nc4 Qa6
25.dxe6 Nb8 26.gxf6 gxf6 27.Bxf6 Rg8+ 28.Ng5  1-0

[Event "World Blitz 2024"]
[Site "New York USA"]
[Date "2024.12.30"]
[Round "6.8"]
[White "Wei Yi"]
[Black "Bortnyk,Mykola"]
[Result "1/2-1/2"]
[WhiteElo "2753"]
[BlackElo "2400"]

1.e4 Nf6 2.e5 Nd5 3.d4 d6 4.c4 Nb6 5.f4 Bf5 6.Nc3 e6 7.Nf3 dxe5 8.fxe5 Be7
9.Be3 Nc6 10.Be2 O-O 11.O-O f6 12.exf6 Bxf6 13.Kh1 Qe7 14.Qe1 Nb4 15.Rd1 Nc2
16.Qf2 Nxe3 17.Qxe3 Rad8 18.Ne4 Bxe4 19.Qxe4 c6 20.b3 g6 21.Rfe1 Rde8 22.Bd3 Qg7
23.Qg4 e5 24.d5 cxd5 25.cxd5 Kh8 26.d6 Rd8 27.Bc2 Nc8 28.Qa4 Nxd6 29.Qxa7 Qc7
30.Rc1 Ra8 31.Qe3 Qg7 32.a4 e4 33.Bxe4 Rae8 34.Qd3 Rd8 35.Bd5 Nf5 36.Qe4 Qh6
37.Kg1 Nd6 38.Qe6 Qf4 39.g3 Qb4 40.Qe2 Nf5 41.Qe4 Qb6+ 42.Kh1 Nd6 43.Qe2 Nf5
44.Be4 Rfe8 45.Qb5 Qf2 46.Re2 Nxg3+ 47.hxg3 Qxg3 48.Rg1 Qf4 49.Qxb7 Rb8 50.Qd5 Rbd8
51.Qc4 Rc8 52.Qd3 Rc3 53.Qd5 Rd8 54.Qb7 Rb8 55.Qd5 Rbxb3 56.Bxg6 Qxf3+ 57.Qxf3 Rxf3
58.Re8+ Kg7 59.Bc2+ Kf7 60.Bxb3+ Kxe8 61.Bc4 Ra3  1/2-1/2

[Event "World Blitz 2024"]
[Site "New York USA"]
[Date "2024.12.30"]
[Round "7.7"]
[White "Pranav,V"]
[Black "Wei Yi"]
[Result "1-0"]
[WhiteElo "2621"]
[BlackElo "2753"]

1.e4 c5 2.Nf3 d6 3.Bb5+ Nd7 4.O-O a6 5.Bxd7+ Bxd7 6.c3 e6 7.d4 Nf6 8.Re1 Be7
9.e5 dxe5 10.dxe5 Nd5 11.c4 Nb6 12.Qe2 O-O 13.Nc3 Bc6 14.Ne4 h6 15.Bf4 Qc7
16.b3 Rad8 17.Qe3 Bxe4 18.Qxe4 Nc8 19.Qe3 Qd7 20.h3 Na7 21.Rad1 Qxd1 22.Rxd1 Rxd1+
23.Kh2 Nc6 24.Qe4 Rfd8 25.Be3 Bf8 26.Qg4 g6 27.Qh4 Bg7 28.Bxh6 Nxe5 29.Ng5 Bf6
30.Qf4 Bh8 31.Ne4 f5 32.Nxc5 Nf7 33.Qe3 Be5+ 34.Bf4 Bxf4+ 35.Qxf4 e5 36.Qg3 Kh7
37.Ne6 R8d6 38.Qh4+ Kg8 39.Qf6 Rxe6 40.Qxe6 Kg7 41.Qe7 b6 42.b4 e4 43.c5 bxc5
44.bxc5 Rc1 45.Qc7 g5 46.c6 f4 47.Qb7 Rc2 48.c7  1-0

[Event "World Blitz 2024"]
[Site "New York USA"]
[Date "2024.12.30"]
[Round "8.16"]
[White "Wei Yi"]
[Black "Cheparinov,I"]
[Result "1-0"]
[WhiteElo "2753"]
[BlackElo "2646"]

1.e4 e5 2.Nf3 Nc6 3.Bc4 Nf6 4.d3 Bc5 5.a4 a5 6.Be3 Bxe3 7.fxe3 d6 8.O-O Be6
9.Nbd2 O-O 10.Qe2 d5 11.exd5 Bxd5 12.e4 Bxc4 13.Nxc4 Nd7 14.Ne3 Nc5 15.Nf5 Ne6
16.Qe3 f6 17.c3 g6 18.Nh6+ Kg7 19.Ng4 Nf4 20.g3 h5 21.Nf2 Ne6 22.Rad1 Qe7
23.d4 exd4 24.cxd4 Ng5 25.Nxg5 fxg5 26.Nh3 g4 27.Nf4 Rae8 28.d5 Nd8 29.Qd4+ Kh7
30.Rfe1 Qb4 31.Qd3 Re5 32.Qe3 Rfe8 33.Rd4 Qxb2 34.Nd3 Qb6  1-0

[Event "World Blitz 2024"]
[Site "New York USA"]
[Date "2024.12.30"]
[Round "9.8"]
[White "Sindarov,Javokhir"]
[Black "Wei Yi"]
[Result "0-1"]
[WhiteElo "2682"]
[BlackElo "2753"]

1.e4 Nf6 2.e5 Nd5 3.d4 d6 4.c4 Nb6 5.exd6 cxd6 6.Nc3 g6 7.Be3 Bg7 8.Rc1 O-O
9.b3 Bf5 10.Nf3 d5 11.c5 Nc8 12.h3 Nc6 13.Bb5 e6 14.Bxc6 bxc6 15.O-O Ne7
16.Re1 h6 17.Bf4 g5 18.Bd6 Re8 19.Ne5 Qc8 20.Bxe7 Rxe7 21.b4 Rb8 22.a3 a5
23.Qa4 Bxe5 24.Rxe5 axb4 25.axb4 Reb7 26.b5 cxb5 27.Qb4 Bg6 28.Ra1 Qc6 29.Re2 Kg7
30.Rea2 Qc7 31.Ra6 Qf4 32.c6 Rc7 33.Qc5 Bd3 34.Ra7 b4 35.Rxc7 Qxc7 36.Ra7 Qf4
37.Nd1 Qd2 38.Ne3 b3 39.Rb7 Rxb7 40.cxb7 b2 41.b8=Q b1=Q+ 42.Qxb1 Bxb1 43.Ng4 h5
44.Ne5 Qe1+ 45.Kh2 Qxf2 46.Qe7 Qf4+ 47.Kh1 Qf1+ 48.Kh2 Qf4+ 49.Kh1 Be4 50.Kg1 Qe3+
51.Kh2 Qf4+ 52.Kg1 h4 53.Nd7 Qe3+  0-1

[Event "World Blitz 2024"]
[Site "New York USA"]
[Date "2024.12.30"]
[Round "10.7"]
[White "Wei Yi"]
[Black "Gelfand,B"]
[Result "1-0"]
[WhiteElo "2753"]
[BlackElo "2657"]

1.d4 Nf6 2.c4 e6 3.Nc3 Bb4 4.e3 O-O 5.Ne2 Re8 6.a3 Bf8 7.e4 d5 8.e5 Nfd7
9.h4 c5 10.Bg5 Qb6 11.cxd5 cxd4 12.Nxd4 Nxe5 13.Be2 exd5 14.Nxd5 Qa5+ 15.Nc3 Nbc6
16.b4 Qc7 17.Ndb5 Qd7 18.Nd5 Qf5 19.O-O h6 20.Be3 Rd8 21.Nbc7 Rb8 22.b5 Be6
23.Ra2 Bxd5 24.Nxd5 Ne7 25.Rd2 Nxd5 26.Rxd5 Rxd5 27.Qxd5 Qe6 28.Qxe6 fxe6
29.Bxa7 Ra8 30.Bd4 Nd7 31.Bc4 Kf7 32.Re1 Nc5 33.Bxc5 Bxc5 34.Rxe6 Ra4 35.Re4+ Kf6
36.g4 g5 37.h5 Bxa3 38.Re6+ Kf7 39.Rc6+ Ke7 40.Re6+ Kd7 41.Re4 Kd8 42.Kg2 Bd6
43.Kf3 Kc7 44.Ke2 Kb6 45.Kd3 Kc5 46.Rd4 Ra3+ 47.Ke4 Bf4 48.Bd3 Ra2 49.Rd5+ Kb6
50.f3 Ra8 51.Rd7 Rf8 52.Kd5 Rf6 53.Bf5 Kxb5 54.Rxb7+ Ka6 55.Rb1 Ka7 56.Be6 Bg3
57.Rb3 Ka6 58.Bf5 Ka5 59.Bg6 Ka4 60.Rb7 Rxf3 61.Rh7 Be1 62.Rxh6 Kb4 63.Bf5 Bc3
64.Rb6+ Ka5 65.Rg6 Bd2 66.h6 Rh3 67.Re6 Kb4 68.h7 Bc3 69.Rb6+ Ka3 70.Rg6 Kb4
71.Rxg5 Ba1 72.Rg8 Bc3  1-0

[Event "World Blitz 2024"]
[Site "New York USA"]
[Date "2024.12.30"]
[Round "11.3"]
[White "Firouzja,Alireza"]
[Black "Wei Yi"]
[Result "1-0"]
[WhiteElo "2763"]
[BlackElo "2753"]

1.e4 c5 2.Nf3 d6 3.d4 cxd4 4.Nxd4 Nf6 5.Nc3 a6 6.f3 e5 7.Nb3 Be7 8.Be3 Be6
9.Qd2 O-O 10.O-O-O Nbd7 11.g4 b5 12.g5 b4 13.gxf6 bxc3 14.Qxc3 Nxf6 15.Na5 Qe8
16.Nc6 Rc8 17.Nxe7+ Qxe7 18.Qa5 Rc6 19.Rg1 Rfc8 20.Rg2 Bh3 21.Rgd2 Bxf1 22.Rxf1 h6
23.b3 Qe6 24.Rff2 Rc3 25.Rde2 d5 26.exd5 Qxd5 27.Qxa6 Ra8 28.Qb6 Rc6 29.Qb4 Rxa2
30.Rd2 Qe6 31.c4 Ra8 32.Ra2 Rac8 33.Rfc2 Qf5 34.Qc3 Nd5 35.Qd2 Nf6 36.Qe2 Kh7
37.Kb2 Nd5 38.Bd2 Nf6 39.Ra5 Rb8 40.Qxe5 Qxf3 41.Qxb8  1-0

[Event "World Blitz 2024"]
[Site "New York USA"]
[Date "2024.12.30"]
[Round "12.10"]
[White "Wei Yi"]
[Black "Bok,B"]
[Result "0-1"]
[WhiteElo "2753"]
[BlackElo "2593"]

1.e4 e5 2.Nf3 Nc6 3.Bc4 Bc5 4.d3 Nf6 5.c3 d6 6.Bg5 h6 7.Bh4 Qe7 8.Nbd2 g5
9.Bg3 Nh5 10.Qe2 Nxg3 11.hxg3 Bd7 12.a4 a5 13.Bb5 h5 14.Nc4 h4 15.O-O-O O-O-O
16.gxh4 g4 17.Nfd2 Rxh4 18.Nb3 Ba7 19.g3 Rh3 20.Bxc6 Bxc6 21.Nbxa5 Bxa4 22.Qxg4+ Bd7
23.Qf3 Rdh8 24.Rxh3 Rxh3 25.Ne3 Be6 26.Kc2 Qg5 27.Nf5 Rh2 28.Rf1 d5 29.b4 dxe4
30.dxe4 f6 31.Kd3 Kb8 32.Nc4 Qg8 33.Nce3 Bd7 34.Nd5 Qe6 35.c4 Qa6 36.Nc3 Be6
37.b5 Qa3 38.Ne3 Bd4 39.Nd1 Qb3 40.Kd2 Bxc4 41.Rh1 Rxh1 42.Qxh1 Bxc3+  0-1

[Event "World Blitz 2024"]
[Site "New York USA"]
[Date "2024.12.30"]
[Round "13.14"]
[White "Oparin,G"]
[Black "Wei Yi"]
[Result "1-0"]
[WhiteElo "2653"]
[BlackElo "2753"]

1.e4 c5 2.Nf3 d6 3.d4 cxd4 4.Nxd4 Nf6 5.Nc3 a6 6.Be2 e5 7.Nb3 Be7 8.Qd3 Be6
9.O-O Nbd7 10.Nd5 Bxd5 11.exd5 O-O 12.c4 a5 13.a4 b6 14.Bd2 Rb8 15.Rae1 Nc5
16.Nxc5 bxc5 17.Bc3 Ne8 18.Bd1 Bf6 19.Bc2 g6 20.Re2 Ng7 21.Qd2 Bg5 22.Qe1 Ra8
23.g3 f5 24.f3 Bf6 25.Bd2 Bg5 26.Bc3 Bf6 27.Bd2 Qb6 28.b3 Ra7 29.Rg2 Bd8
30.g4 Raf7 31.Bh6 fxg4 32.Rxg4 Rxf3 33.Rxf3 Rxf3 34.Qe4 Rf6 35.h4 Nf5 36.Bg5 Rf7
37.h5 Bxg5 38.Rxg5 Qd8 39.Rg2 g5 40.Rf2 Ng3 41.Qg4 Rxf2 42.Kxf2 Nh1+ 43.Kg2 Qf6
44.Qf5 Qh6 45.Bd1 e4 46.Qxe4 Qf8 47.Bf3  1-0

[Event "Titled Tue 7th Jan Late"]
[Site "chess.com INT"]
[Date "2025.01.07"]
[Round "1"]
[White "Wei Yi"]
[Black "Martinez Reyes,P"]
[Result "1-0"]
[WhiteElo "2751"]
[BlackElo "2360"]

1.b3 Nf6 2.Bb2 g6 3.g3 Bg7 4.Bg2 O-O 5.c4 c5 6.Nf3 Nc6 7.O-O d6 8.d4 cxd4
9.Nxd4 Bd7 10.Nc3 a6 11.Nc2 Rb8 12.a4 Qb6 13.b4 a5 14.b5 Ne5 15.Ne3 Be6 16.Ncd5 Bxd5
17.cxd5 Rfc8 18.Bh3 Rd8 19.Bd4 Qc7 20.b6  1-0